书目信息 |
| 题名: |
卫星大地测量原理
|
|
| 作者: | 李青海 , 崔春芳 编著 | |
| 分册: | ||
| 出版信息: | 北京 测绘出版社 1989.06 |
|
| 页数: | 392页 | |
| 开本: | 16开 | |
| 丛书名: | ||
| 单 册: | ||
| 中图分类: | P228 | |
| 科图分类: | ||
| 主题词: | 大地测量学 | |
| 电子资源: | ||
| ISBN: | 7-5030-0263-8 | |
| 000 | 00622nam0 2200205 45 | |
| 001 | 0104270849 | |
| 005 | 20010427083344.5 | |
| 010 | @a7-5030-0263-8@d5.00元 | |
| 100 | @a20010427d1989 km y0chiy0120 ea | |
| 101 | 0 | @achi |
| 105 | @a z 000yy | |
| 200 | 1 | @a卫星大地测量原理@AWei Xing Da Di Ce Liang Yuan Li@f李青海,崔春芳编著@FLi Qing Hai,Cui Chun Fang Bian Zhu |
| 210 | @a北京@c测绘出版社@d1989.06 | |
| 215 | @a392页@d16开 | |
| 606 | 0 | @a大地测量学 |
| 690 | @aP228@v3 | |
| 701 | 0 | @a李青海@ALi Qing Hai@4编著 |
| 701 | 0 | @a崔春芳@ACui Chun Fang@4编著 |
| 801 | @aCN@bPftUser@c20010427 | |
| 905 | @a安徽大学@dP228@eL302 | |
| 卫星大地测量原理/李青海,崔春芳编著.-北京:测绘出版社,1989.06 |
| 392页;16开 |
| ISBN 7-5030-0263-8:5.00元 |
| ● |
| 相关链接 |
|
|
|
正题名:卫星大地测量原理
索取号:P228/L302
 
预约/预借
| 序号 | 登录号 | 条形码 | 馆藏地/架位号 | 状态 | 备注 |
| 1 | 367109 | 203671099 | 自科二线504/504自科库 35排1列5层/ [索取号:P228/L302] | 在馆 | |
| 2 | 367110 | 203671106 | 自科二线504/504自科库 35排1列2层/ [索取号:P228/L302] | 在馆 | |
| 3 | 367111 | 203671115 | 社科二线400B/400B社科库 32排3列5层/ [索取号:P228/L302] | 在馆 | |
| 4 | 367112 | 203671124 | 自科二线504/504自科库 35排1列2层/ [索取号:P228/L302] | 在馆 | |
| 5 | 367113 | 203671133 | 社科二线400B/400B社科库 7排1列2层/ [索取号:P228/L302] | 在馆 |